Ar̲puta rasam. (Record no. 68985)

MARC details
000 -LEADER
fixed length control field 00516cam a22002051 4500
001 - CONTROL NUMBER
control field sa 66003600
003 - CONTROL NUMBER IDENTIFIER
control field DLC
005 - DATE AND TIME OF LATEST TRANSACTION
control field 20260227112237.0
008 - FIXED-LENGTH DATA ELEMENTS--GENERAL INFORMATION
fixed length control field 911029s1964 ii 000 0 tam
010 ## - LIBRARY OF CONGRESS CONTROL NUMBER
LC control number sa 66003600
035 ## - SYSTEM CONTROL NUMBER
System control number (OCoLC)24639635
040 ## - CATALOGING SOURCE
Original cataloging agency DLC
Transcribing agency NRU
Modifying agency DLC
050 00 - LIBRARY OF CONGRESS CALL NUMBER
Classification number PK840
Item number .C5
100 1# - MAIN ENTRY--PERSONAL NAME
Personal name Citamparanāta Mutaliyār, Ṭi. Kē.,
Dates associated with a name 1882-1954.
245 10 - TITLE STATEMENT
Title Ar̲puta rasam.
260 ## - PUBLICATION, DISTRIBUTION, ETC.
Date of publication, distribution, etc. [1964]
300 ## - PHYSICAL DESCRIPTION
Extent 60 p.
Dimensions 18 cm.
500 ## - GENERAL NOTE
General note In Tamil.
650 #0 - SUBJECT ADDED ENTRY--TOPICAL TERM
Topical term or geographic name entry element Sanskrit language
General subdivision Style.

No items available.

Powered by Koha